[Event "Tashkent FIDE GP 2nd"]
[Site "Tashkent"]
[Date "2012.12.02"]
[Round "9"]
[White "Ponomariov, Ruslan"]
[Black "Kamsky, Gata"]
[Result "1/2-1/2"]
[WhiteElo "2741"]
[BlackElo "2762"]
[Annotator "Marin,M"]
[PlyCount "74"]
[EventDate "2012.11.22"]
[EventType "tourn"]
[EventRounds "11"]
[EventCountry "UZB"]
[EventCategory "20"]
[SourceTitle "CBM 152"]
[Source "ChessBase"]
[SourceDate "2013.01.15"]
[SourceVersion "1"]
[SourceVersionDate "2013.01.15"]
[SourceQuality "1"]

1. e4 Nf6 2. e5 Nd5 3. d4 d6 4. Nf3 dxe5 {Over recent years, there seems to
have been a revival of this old favourite of Bent Larsen.} ({The classical
main lines are} 4... g6) ({and} 4... Bg4) 5. Nxe5 c6 {The modern
interpretation of the line, preparing ...Nb8-d7 without allowing nasty
tactical blows. Kamsky's attention might have been drawn to this line after
having faced it with White twice (the games are quoted below).} ({Larsen used
to be braver:} 5... Nd7 6. Nxf7 Kxf7 7. Qh5+ Ke6 8. c4 ({There is some
historic interest regarding} 8. Qg4+ {Fischer,R-Larsen,B/Santa Monica (free
game) 1966/Fischer (1-0, 17)}) 8... N5f6 9. d5+ Kd6 10. Qf7 Ne5 11. Bf4 c5 12.
Nc3 a6 {Boruchovsky,A (2333)-Savchenko,B (2580)/Plovdiv 2012/CBM 148/[Let's
Check] (1-0, 29)}) 6. Be2 (6. c4 {allows Black to develop with gain of time:}
Nb4 7. Be3 Bf5 8. Na3 Nd7 9. Nf3 e5 $1 ({There is nothing wrong with the
neutral} 9... e6 {, of course.}) 10. Be2 (10. dxe5 Qa5 $19) (10. Nxe5 Nxe5 11.
dxe5 Qa5 12. Qd2 Rd8 13. Qc3 Rd3 $1 14. Bxd3 Nxd3+ 15. Ke2 Qxc3 16. bxc3 Bxa3
$17) 10... e4 11. Nd2 Nd3+ 12. Bxd3 exd3 $132 {Kamsky,G (2697)-Mamedyarov,S 
(2722)/playchess.com INT 2006/CBM 115 ext (1/2, 40)}) 6... Bf5 7. O-O Nd7 8.
Nf3 ({Kamsky had been successful against:} 8. Bg4 {Grischuk,A (2763)-Kamsky,G 
(2746)/Istanbul 2012/CBM 151/[Stohl,I] (0-1, 64)}) ({Previously, he had used
the g4-square for the other available minor piece:} 8. Ng4 e6 9. c4 N5f6 10.
Ne3 Bg6 11. f4 Qc7 {White has not sufficient development to sustain his pawn
attack yet.} 12. Nc3 (12. f5 {is premature:} exf5 13. Nxf5 Bxf5 14. Rxf5 Bd6
15. h3 Ne4 $36) 12... Bd6 13. g3 Rd8 14. Qe1 O-O {White's somewhat unusual
development is compensated for by his advantage in space. Time has come for
resolute action.} 15. c5 Be7 16. f5 exf5 17. Nxf5 Bxf5 18. Rxf5 Rfe8 19. Qf2
Nf8 20. Bf4 Qd7 21. Be5 Ng6 22. Rf1 b6 $13 {Kamsky,G (2744)-Benjamin,J (2559)/
Rockville 2012/CBM 149 Extra (1-0, 87). Since Black cannot take over the
control of the d5-square, the position is dynamically balanced.}) 8... e6 9. c4
(9. a3 {is sometimes played, but as we will see in the next comment it is not
really necessary.}) 9... N5f6 {The best squuare for the knight, defending the
kingside and controlling d5.} (9... Nb4 $6 {starts a risky adventure:} 10. a3
$1 Nc2 $6 ({The safer} 10... Na6 {simply loses time, taking the knight away
from the favourable squares.} 11. Nc3 $14) 11. Ra2 Nxd4 (11... c5 12. dxc5 $1
$146 {[%cal Gb2b4] leaves the knight in trouble.}) 12. Qxd4 c5 (12... Bxb1 13.
Bg5 f6 14. Rxb1 fxg5 15. Rd1 $16 {Gharamian,T (2557)-Barthel,A (2235)/
Boeblingen 2007/CBM 122 Extra (1-0, 25)}) 13. Qc3 Bxb1 14. Bg5 f6 15. Rxb1 fxg5
16. Qe3 $16 {Carlsen,M (2552)-Madsen,D (2287)/Trondheim 2004/CBM 100 ext (1-0,
33)}) 10. Bf4 $5 ({I am not entirely sure why this move is sometimes preferred
over the more natural and more frequent:} 10. Nc3 {Here are some possible
reasons: the knight gets exposed to either ...Bb4 or ...Ne4, the h2-b8
diagonal is left to Black's mercy. In practice, not all these aspects have
been relevant so far, though.} Bd6 (10... Bb4 $6 {The plan of giving away the
bishops pair is at least dubious.} 11. Bf4 Bxc3 $6 12. bxc3 O-O 13. Qb3 Qc8 14.
Nh4 Bg4 15. f3 Bh5 16. g4 Bg6 17. Bd6 Rd8 18. Nxg6 hxg6 19. g5 $16 {Shashikant,
K (2340)-Short,N (2655)/Nagpur 2008/CBM 126 Extra (1/2, 44)}) (10... Ne4 {
this makes slightly more sense, but I would be afraid to lose so much time
with the king two tempi away from castling.} 11. Nxe4 Bxe4 12. Ng5 Bg6 13. d5
e5 14. Bd3 {1/2 Zinchenko,Y (2493)-Sergeev,V (2472)/Alushta 2005/CBM 108 ext})
(10... Qc7 11. Nh4 Bg6 12. Bf3 Bd6 13. g3 O-O 14. Nxg6 hxg6 15. c5 {This looks
premature, Black will have little trouble maintaining his stability after the
weakening of the d5-square.} Be7 16. Bf4 Qc8 17. b4 a6 18. Re1 Re8 19. a4 Nd5
20. Nxd5 exd5 21. Ra2 Nf8 22. Bg4 f5 23. Rae2 Qd7 24. Bh3 Bf6 $11 {Balogh,C 
(2624)-Sergeev,V (2508)/Eforie Nord 2008/CBM 126 Extra (1/2, 45)}) 11. Nh4 Bg6
12. g3 O-O 13. Nxg6 hxg6 14. Bf3 a6 15. Re1 Re8 16. Bg5 Qa5 17. Bd2 Qc7 18. a3
Rad8 19. Qc2 Qb8 {Maybe a bit passive.} (19... c5 $5) (19... e5 $5) 20. Bg5 Rc8
21. b4 $14 {Karjakin,S (2775)-Kamsky,G (2762)/Beijing (blitz) 2012 (1-0, 50)})
10... Qb6 ({Even if it does not lead to the knight exchange,} 10... Ne4 {
makes some sense, here, too. It is the start of an original regrouping:} 11.
Bd3 Qf6 12. Qe2 Nd6 13. Bg3 Bxd3 14. Qxd3 Nf5 15. Qb3 O-O-O 16. Rd1 Nxg3 17.
hxg3 {Bacrot,E (2720)-Degraeve,J (2569)/Belfort 2010/CBM 138 (1-0, 38)} g5 $5
$36) 11. Qc1 $146 {The most consistent way of defending b2.} (11. b3 {
unnecessarily weakens the position:} h6 12. Nc3 Bb4 13. Na4 Qd8 14. a3 Be7 (
14... Ba5 $5 {[%cal Ga5c7] with the idea of neutralising the f4-bishop, is
interesting.}) 15. Re1 O-O 16. h3 a5 17. Bf1 Re8 18. Qc1 Rc8 19. Qb2 b5 $132 {
Furlan,M (2331)-Bogdanovski,V (2398)/Ljubljana 2010/CBM 138 Extra (0-1, 74)})
11... Be7 12. Nc3 O-O 13. a3 {Preparing the queenside expansion.} Ne4 {A
familiar pattern: Black aims to get some relief by trading pieces.} 14. b4 ({
White coult prevent ...Bg4 with} 14. h3 {, but then the position would be ripe
for} c5 $1) 14... Nxc3 15. Qxc3 Nf6 $6 ({In view of the next comment, it would
have made sense to prepare the second exchange with} 15... Bg4 $1 {at once.})
16. Qb2 $6 (16. Ne5 $1 {would have prevented ...Bg4 and caused Black some
troubles. The immediate threat is g2-g4-g5 followed by the fork Nd7} h6 (16...
Rfd8 17. Nxf7 $1 Qxd4 18. Qxd4 Rxd4 19. Be3 Rd7 20. Ne5 $14) 17. Rfe1 a5 {
This is the only way to strive for counterplay, but it weakens the queenside.}
18. c5 $36 {[%csl Ga5,Gb6][%cal Ge5c4]}) 16... Bg4 $1 17. h3 Bxf3 18. Bxf3 {
Black has reached an entirely viable Caro-Kann type of position.} a6 19. Be3
Qc7 20. a4 Ne8 $5 {The knight is heading for d6. One typical pattern is that
d4-d5 can be met by ...cxd5, cxd5 e5! with an excellent blockade on the dark
squares.} 21. Rac1 (21. d5 {is premature and does not bother Black at all:}
cxd5 22. cxd5 Bf6 23. Bd4 exd5 $11 (23... Bxd4 24. Qxd4 e5 25. d6 $1) 24. Rad1
(24. Bxd5 $6 Bxd4 25. Qxd4 Rd8 $36) 24... Bxd4 25. Rxd4 Nf6 26. Bxd5 $11) 21...
Nd6 22. g4 $6 {Aiming to restrict the knight, but allowing Black to regroup
properly.} ({This was the only moment in this game when the central break
would have posed some problems:} 22. d5 Nf5 23. Bc5) 22... Bf6 23. Bg2 g6 24.
f4 Rad8 25. Rfd1 (25. c5 Nc8 26. b5 Ne7 {is completely harmless.}) 25... Rfe8
26. Qf2 Qe7 {White's space advantage looks impressive, but there is no obvious
way to break through. Besides, the d4-pawn may become vulnerable.} 27. Qf3 Rd7
28. Bf2 Bh4 (28... Red8 29. d5 cxd5 30. cxd5 e5 $132) 29. Be3 Bf6 30. Bf2 Qd8 {
Black is so confident that he even does not force the repetition of moves.} 31.
Rd2 (31. d5 cxd5 32. cxd5 e5 $132) 31... Nc8 32. Rcd1 Ne7 33. Qb3 Qc7 34. Bg3
Qb6 35. Bf2 Qc7 36. Bg3 Qb6 37. Bf2 Qc7 1/2-1/2

[Event "Tashkent FIDE GP 2nd"]
[Site "Tashkent"]
[Date "2012.12.04"]
[Round "11"]
[White "Dominguez Perez, Leinier"]
[Black "Kamsky, Gata"]
[Result "1-0"]
[WhiteElo "2726"]
[BlackElo "2762"]
[Annotator "Marin,M"]
[PlyCount "65"]
[EventDate "2012.11.22"]
[EventType "tourn"]
[EventRounds "11"]
[EventCountry "UZB"]
[EventCategory "20"]
[SourceTitle "CBM 152"]
[Source "ChessBase"]
[SourceDate "2013.01.15"]
[SourceVersion "1"]
[SourceVersionDate "2013.01.15"]
[SourceQuality "1"]

1. e4 e5 2. Nf3 Nc6 3. Bb5 a6 4. Ba4 Nf6 5. O-O Be7 6. Re1 b5 7. Bb3 O-O 8. h3
Bb7 9. d3 d6 {After having induced d2-d3 by threatening with the Marshall
Attack, Black switches back to the closed setup.} ({Lately, the Marshall
approach has been constantly popular:} 9... d5 10. exd5 Nxd5 11. Nxe5 Nd4 {
See, for instance, Karjakin,S (2747)-Onischuk,A (2688)/Khanty Mansiysk 2010/
CBM 139/[Karjakin] (1-0, 33)}) 10. c3 Na5 11. Bc2 c5 {For the time being, it
looks like if Black is aiming for the Chigorin setup, but the real moment of
decision will arrive only after White plays d3-d4.} 12. Nbd2 Re8 {Continuing
the flexible regrouping, this time in the spirit of the Smyslov and Zaitsev
variations.} ({Keres' regrouping based on} 12... Nd7 13. Nf1 Bf6 {is somewhat
without scope since there is nothing to attack on d4.} 14. Ne3 g6 15. b4 Nc6
16. Nd5 Bg7 17. Bg5 f6 18. Be3 $14 {Timofeev,A (2670)-Inarkiev,E (2669)/Moscow
2008/CBM 127 (1-0, 41)}) 13. Nf1 h6 {One would wonder whether Black really
needs this prophylactic move at this stage. Neither Ng5 nor Bg5 are serious
threats, so why spend a tempo on a pawn move?} ({I must confess that I do not
have a clue to the degree to which the last move is necessary, but I can offer
an example in which an extra tempo had negative effects:} 13... Bf8 14. Ng3 g6
(14... h6 {transposes to the game.}) 15. Bg5 h6 16. Bd2 {So, White has
invested a tempo to provoke ...h7-h6. But is this tempo (...g7-g6) positive
for Black? His main problem is that White is very flexible and can find
manoeuvring plans easier. The only way to change this circumstance would be} d5
$6 {but this is flawed tactically, as the most brilliant player of all time
managed to prove despite an absence of 20 years from official chess:} 17. exd5
c4 18. b4 $1 cxd3 19. Bxd3 Qxd5 20. Be4 Nxe4 21. Nxe4 {Here it is! The threat
Nf6+ wins a tempo and a piece for White.} Bg7 22. bxa5 {Fischer,R (2785)
-Spassky,B (2560)/Belgrade 1992/CBM 031/[Hansen,Cu] (1-0, 44). In the comments
to the game, you will find another line in which the weakness of the f6-square
favours White.}) 14. Ng3 Bf8 15. d4 {White finally decides to occupy the
centre. Apart from having avoided the Marshall Attack (or maybe the Breyer
Variation, which is one of Kamsky's specialities), this is not a big
achievement, since Black has not done anything wrong so far. I would say that,
more than anything, we have transposed to the Smyslov System with a sound
extra tempo for Black.} ({It is worth mentioning a game which ressembes
Fischer-Spassky, with the only difference that Black's g-pawn has not advanced:
} 15. Bd2 d5 16. exd5 c4 17. d4 (17. b4 $2 {does not work at all:} cxd3 18.
Bxd3 Qxd5 $15 19. Be4 $2 Nxe4 20. Nxe4 {Without threatening with the fork on
f6.} Nc4 $19) 17... exd4 18. Rxe8 Nxe8 19. Nxd4 Nf6 (19... Qxd5 20. Be4 Qd7 21.
a4 Nd6 22. Bf3 {maintains some pressure.}) 20. Nh5 (20. Ne4 $5) 20... Nxh5 21.
Qxh5 Qxd5 22. Qxd5 Bxd5 $11 {Lie,K (2493)-Graf,A (2592)/Turin 2006/CBM 113 (1/
2, 56)}) 15... cxd4 {This is only one of the possible reactions. Personally, I
would prefer to refrain from this exchange (which is typical rather for the
Chigorin setup) and keep the game within the ranges of the Smyslov line.} (
15... g6 {Maybe this is not necessary at this high point in the game, but it
is not bad either.} 16. d5 Nc4 17. a4 Nb6 18. Be3 Nc4 19. Bc1 Nb6 20. Qe2 Qc7
21. b3 (21. axb5 axb5 22. Rxa8 Rxa8 23. Qxb5 $2 Ba6 24. Qc6 Qd8 {or 24.Qb3 Bc4}
) 21... c4 22. bxc4 Nxc4 23. Bd3 Nd7 24. Nd2 Nxd2 25. Bxd2 bxa4 26. Rxa4 Nc5
27. Ra3 Reb8 28. Bc2 Bc8 29. c4 Ra7 $132 {Timofeev,A (2651)-Tomashevsky,E 
(2708)/Moscow 2009/CBM 134 (1/2, 60)}) (15... Nc4 {This is my favourite,
improving the plecement of the knight immediately.} 16. d5 (16. b3 Nb6 17. d5
c4 18. Bd2 Qc7 19. b4 a5 20. a3 Ra6 21. Nh2 Rea8 $132 {Rosino,A-Ivkov,B/Venice
1969/EXT 2001 (0-1, 72)}) 16... Nb6 ({I believe that there is no rush to
transfer the bishop to d7, since that square may be needed by the knight:} 
16... Bc8 17. a4 Bd7 18. b3 Nb6 {Kharlov,A (2580)-Tseshkovsky,V (2540)/Rostov
1993/TD (0-1, 35)} 19. a5 $1 Nc8 20. b4 $14) 17. Nh2 Bc8 18. Rf1 Nh7 19. f4
exf4 20. Bxf4 Nc4 21. b3 Ne5 22. Nf3 {Psakhis,L (2575)-Tseshkovsky,V (2485)/
Sverdlovsk 1987/TD (1/2, 37)} Ng6 $5 23. Be3 Be7 24. Qd2 Ng5 {[%csl Ge5]}) 16.
cxd4 d5 {Black relies on his extra tempo to carry out this thematic break, but
White's novelty on move 18 casts some doubt on the correctness of this
operation.} ({Another form of opening the centre would be} 16... exd4 17. Nxd4
Rc8 18. b3 d5 {This has worked out well in practice so far.} ({Actually, I
would prefer to prepare the break a bit more with:} 18... g6 19. Bb2 Bg7 20.
Qd2 d5 21. e5 Ne4 $132 {Lengyel,B (2350)-Lukacs,P (2480)/Budapest 1993/EXT 97 
(0-1, 40)}) 19. e5 Ne4 20. Nxe4 (20. Bb2 Rxe5 21. f3 Rg5 22. Nf1 $2 Rxg2+ $1 {
0-1 Short,N (2475)-Hebden,M (2495)/Hastings 1983/MCD}) (20. Ngf5 {Herman,M 
(2414)-Friedel,J (2518)/Lubbock 2011/CBM 144 Extra (1/2, 41)} Rxe5 $5 21. Qg4
Kh8) 20... dxe4 21. Bxe4 Bxe4 (21... Bb4 $6 22. Qg4 $1 Qxd4 23. Bxh6 g6 24.
Rad1 $40 {Psakhis,L (2550)-Pavlovic,M (2460)/Yerevan 1988/EXT 2000 (1-0, 30)})
22. Rxe4 Nc6 23. Bb2 Rxe5 24. Rxe5 Nxe5 25. Qe2 (25. Nxb5 Nd3 26. Bd4 $8 Nf4
27. Nc3 Qg5 28. Qf3 Ne6 $44) 25... Ng6 $11 {Svidler,P (2727)-Jakovenko,D (2737)
/Moscow 2008/CBM 127 (1/2, 31)}) 17. Nxe5 dxe4 18. b3 $5 $146 {A subtle
novelty, not only restricting the knight, but also preparing Bc1-b2, which
will prove quite an effective way of developing the bishop.} (18. Bf4 {Berg,E 
(2616)-Gerzhoy,L (2469)/Sarajevo 2010/CBM 136 Extra (1/2, 71)} Qb6 {[%cal
Ga8d8]} 19. Nxe4 Bxe4 20. Bxe4 Rad8 $132) (18. Ng4 {has been White's main
chocie so far.} Nc4 (18... Bb4 19. Re2 Nxg4 20. hxg4 Qh4 21. Nxe4 f5 $6 22. Ng3
Bd6 23. Bxf5 (23. gxf5 $5) 23... Bf3 $1 24. Rxe8+ (24. gxf3 Bxg3 $11) 24...
Rxe8 25. Bg5 Qxg3 26. fxg3 Bxd1 27. Bd2 Nc4 28. Rxd1 Nxd2 29. Rxd2 Bxg3 30. Rd1
Re1+ 31. Rxe1 Bxe1 $11 {Berg,E (2587)-Ziegler,A (2358)/Tylosand 2012/ (1-0, 61)
}) 19. b3 (19. Nxf6+ Qxf6 20. Bxe4 Rad8 $3 21. Bxb7 Rxd4 $36) 19... Nd6 20. Bf4
{[%csl Gh6]} (20. Ba3 g6 {/\...h5}) 20... Nd5 21. Be5 (21. Bxd6 Bxd6 22. Nxe4
Bb4 {[%cal Gf7f5]} 23. Qd3 Bxe1 24. Nc5 g6 25. Nxb7 Qc7 26. Qf3 Bxf2+ $5 27.
Qxf2 Qxb7 28. Rf1 {White has some compensation for the exchange, but probably
not more than that.}) 21... Rc8 $2 (21... Qd7 $5 {[%csl Gf5,Gg4]} 22. Nxe4 $2
Nxe4 23. Bxe4 Nc3) 22. Nxe4 Nxe4 23. Bxe4 f6 ({With the g4-square not
controled by the black queen,} 23... Nc3 {loses to} 24. Nxh6+ $1 gxh6 25. Qg4+
Qg5 26. Qxg5+ hxg5 27. Bxb7 $18) 24. Qf3 fxe5 {Timofeev,A (2677)-Gustafsson,J 
(2640)/Sarajevo 2010/CBM 136 Extra (1-0, 71)} 25. Qf5 $1 $18) 18... Nc6 (18...
Qb6 19. Bb2 Rad8 20. Ng4 $36) 19. Bb2 Nb4 {Looking for temporary solutions
only.} ({Black does not achieve anything positive by questioning White's
stability in the centre with:} 19... Bd6 20. Bxe4 $1 (20. Nxe4 Nxe5 21. dxe5
Bxe5 22. Qxd8 Raxd8 23. Bxe5 Rxe5 24. Nxf6+ gxf6 $132) 20... Nxe4 21. Rxe4 $1
Nxe5 22. dxe5 Bxe4 23. exd6 Bg6 24. Qd4 $16 {The strong passed pawn and the
pressure along the a1-h8 diagonal more than compenate for the exchange.}) 20.
Bb1 Rc8 21. a3 Nc6 22. Nxe4 Nxe5 23. Nxf6+ Qxf6 $6 {Giving up a pawn without
any compensation.} (23... gxf6 24. dxe5 Qxd1 25. Rxd1 fxe5 26. Bf5 Rc7 27. Rd3
$14) 24. dxe5 Qe6 25. b4 $16 Rc4 $2 26. Qd3 (26. Ba2 Qg6) 26... g6 27. Ba2 $18
a5 28. bxa5 Bc5 29. Qg3 h5 30. Bxc4 bxc4 31. Rad1 Rc8 32. Bc3 Bxa3 33. Rd6 1-0

[Event "Beijing Sportaccord rap"]
[Site "Beijing"]
[Date "2012.12.14"]
[Round "1"]
[White "Jobava, Baadur"]
[Black "Kamsky, Gata"]
[Result "0-1"]
[WhiteElo "2711"]
[BlackElo "2762"]
[PlyCount "104"]
[EventDate "2012.12.14"]
[EventType "swiss (rapid)"]
[EventRounds "7"]
[EventCountry "CHN"]
[SourceTitle "EXT 2014"]
[Source "ChessBase"]
[SourceDate "2013.11.20"]
[SourceVersion "1"]
[SourceVersionDate "2013.11.20"]
[SourceQuality "1"]

1. b3 d5 2. e3 Nf6 3. Bb2 g6 4. c4 Bg7 5. cxd5 O-O 6. Nf3 Qxd5 7. Be2 c5 8. O-O
Nc6 9. d3 b6 10. Nbd2 Bb7 11. a3 Rad8 12. Qb1 a5 13. Nc4 Nd7 14. e4 Qh5 15.
Bxg7 Kxg7 16. Qb2+ Kg8 17. Nfe5 Qh4 18. Nxd7 Rxd7 19. Nxb6 Rc7 20. Nd5 Rd7 21.
Rac1 Nd4 22. Rxc5 Nxe2+ 23. Qxe2 Bxd5 24. exd5 Ra7 25. Rfc1 Qd4 26. Qe3 Qxe3
27. fxe3 Rb7 28. R1c3 Rfb8 29. Rc8+ Rxc8 30. Rxc8+ Kg7 31. Rc3 Kf6 32. Kf2 Ke5
33. Kf3 Kxd5 34. d4 Kd6 35. e4 f6 36. Ke3 Rb5 37. Kd3 Rh5 38. h3 Rg5 39. g4 h5
40. d5 hxg4 41. hxg4 Rxg4 42. Rc6+ Kd7 43. Ra6 Rg3+ 44. Kc4 Re3 45. Rxa5 Rxe4+
46. Kc5 g5 47. a4 Re3 48. Ra7+ Ke8 49. b4 g4 50. Ra8+ Kf7 51. Rh8 Rh3 52. Rd8
g3 0-1

[Event "Beijing Sportaccord rap"]
[Site "Beijing"]
[Date "2012.12.14"]
[Round "2"]
[White "Kamsky, Gata"]
[Black "Leko, Peter"]
[Result "1-0"]
[WhiteElo "2762"]
[BlackElo "2732"]
[PlyCount "79"]
[EventDate "2012.12.14"]
[EventType "swiss (rapid)"]
[EventRounds "7"]
[EventCountry "CHN"]
[SourceTitle "EXT 2014"]
[Source "ChessBase"]
[SourceDate "2013.11.20"]
[SourceVersion "1"]
[SourceVersionDate "2013.11.20"]
[SourceQuality "1"]

1. d4 Nf6 2. Nf3 e6 3. Bf4 c5 4. e3 b6 5. c3 Bb7 6. h3 Be7 7. Bd3 O-O 8. O-O
cxd4 9. cxd4 Nc6 10. a3 d5 11. Nbd2 Rc8 12. b4 Bd6 13. Ne5 Ne7 14. Qa4 a6 15.
Rac1 b5 16. Qb3 Ne4 17. Qb2 f6 18. Nef3 Bxf4 19. exf4 Qd6 20. g3 g5 21. fxg5
Nxg3 22. gxf6 Rxf6 23. Rxc8+ Nxc8 24. fxg3 Qxg3+ 25. Kh1 Rh6 26. Nh2 Qxd3 27.
Ndf3 Nd6 28. Qc1 Nf5 29. Qc7 Rg6 30. Rg1 Rxg1+ 31. Kxg1 Qe3+ 32. Kf1 Qd3+ 33.
Kf2 Qe3+ 34. Kf1 Qd3+ 35. Kg1 Qe3+ 36. Kh1 Qf2 37. Qb8+ Kg7 38. Qxb7+ Kg6 39.
Ne5+ Kg5 40. Nhf3+ 1-0

[Event "Beijing Sportaccord rap"]
[Site "Beijing"]
[Date "2012.12.14"]
[Round "4"]
[White "Kamsky, Gata"]
[Black "Fressinet, Laurent"]
[Result "1/2-1/2"]
[WhiteElo "2762"]
[BlackElo "2700"]
[PlyCount "71"]
[EventDate "2012.12.14"]
[EventType "swiss (rapid)"]
[EventRounds "7"]
[EventCountry "CHN"]
[SourceTitle "EXT 2014"]
[Source "ChessBase"]
[SourceDate "2013.11.20"]
[SourceVersion "1"]
[SourceVersionDate "2013.11.20"]
[SourceQuality "1"]

1. d4 d5 2. Bf4 c5 3. e3 Nf6 4. c3 Nc6 5. Nd2 cxd4 6. exd4 Bf5 7. Qb3 Qc8 8.
Ngf3 e6 9. Be2 h6 10. Ne5 Be7 11. O-O O-O 12. a4 Nd7 13. Ndf3 a6 14. Rfc1 Be4
15. Qd1 Ndxe5 16. Nxe5 Nxe5 17. dxe5 f6 18. exf6 Bxf6 19. Be3 Qc7 20. a5 Qf7
21. f3 Bf5 22. Ra4 Rad8 23. Bd3 Bxd3 24. Qxd3 e5 25. Rd1 e4 26. fxe4 dxe4 27.
Qc2 Rxd1+ 28. Qxd1 Bg5 29. Bd4 e3 30. Qe2 Qd5 31. h4 Rf2 32. Qg4 Rf4 33. Qc8+
Rf8 34. Qg4 Rf4 35. Qc8+ Rf8 36. Qg4 1/2-1/2

[Event "Beijing Sportaccord rap"]
[Site "Beijing"]
[Date "2012.12.15"]
[Round "5"]
[White "Grischuk, Alexander"]
[Black "Kamsky, Gata"]
[Result "1-0"]
[WhiteElo "2764"]
[BlackElo "2762"]
[PlyCount "165"]
[EventDate "2012.12.14"]
[EventType "swiss (rapid)"]
[EventRounds "7"]
[EventCountry "CHN"]
[SourceTitle "EXT 2014"]
[Source "ChessBase"]
[SourceDate "2013.11.20"]
[SourceVersion "1"]
[SourceVersionDate "2013.11.20"]
[SourceQuality "1"]

1. e4 e5 2. Nf3 Nc6 3. Bb5 a6 4. Ba4 Nf6 5. O-O Be7 6. d3 b5 7. Bb3 d6 8. a4
Bd7 9. c3 O-O 10. Bc2 Re8 11. Re1 Bf8 12. Bg5 h6 13. axb5 axb5 14. Rxa8 Qxa8
15. Bxf6 gxf6 16. Nh4 Qa1 17. b4 Ne7 18. Bb3 Bg7 19. h3 c5 20. bxc5 dxc5 21.
Kh2 Ra8 22. Re3 Qb2 23. Re2 Qa1 24. Re3 Kf8 25. Rg3 Qb2 26. Nd2 Ra1 27. Qh5 c4
28. dxc4 Qxd2 29. cxb5 Be8 30. Qg4 Qg5 31. c4 Qxg4 32. hxg4 h5 33. Rd3 Ra8 34.
gxh5 Bh6 35. g3 Ra3 36. Kg1 f5 37. Nxf5 Nxf5 38. exf5 Bg5 39. Bc2 Ra2 40. Bb3
Rb2 41. Bd1 e4 42. Rb3 Rd2 43. Rb1 e3 44. fxe3 Bxe3+ 45. Kf1 Bb6 46. Be2 Bd7
47. g4 Rd4 48. Rd1 Rf4+ 49. Kg2 Bc8 50. Rd6 Bc7 51. Rd2 Bb7+ 52. Kg1 Bb6+ 53.
Kh2 Rf2+ 54. Kg3 Rg2+ 55. Kf4 f6 56. h6 Rh2 57. Rd7 Bc8 58. Rh7 Kg8 59. Rg7+
Kf8 60. Rg6 Bd4 61. Bf3 Be5+ 62. Ke3 Rh3 63. Kf2 Rh2+ 64. Kg1 Rh3 65. Bd5 Ke7
66. b6 Bd7 67. b7 Be8 68. Rg7+ Kf8 69. Rg8+ Ke7 70. Rg7+ Kf8 71. Rh7 Rg3+ 72.
Kf2 Rxg4 73. c5 Rb4 74. c6 Bxc6 75. Bxc6 Kg8 76. Rd7 Kh8 77. Ke2 Rb3 78. Bd5
Rb4 79. Kd3 Rd4+ 80. Ke3 Rb4 81. Re7 Rb5 82. Rxe5 fxe5 83. f6 1-0